[Event "Baden ch-U16"]
[Site "Karlsruhe"]
[Date "2006.01.03"]
[Round "2.6"]
[White "Weis, Oleg"]
[Black "Baumann, Daniel"]
[Result "0-1"]
[WhiteElo "1277"]
[BlackElo "1245"]
[PlyCount "144"]
[EventDate "2006.01.02"]
[EventType "swiss"]
[EventRounds "7"]
[EventCountry "GER"]
[SourceTitle "EXT 2007"]
[Source "ChessBase"]
[SourceDate "2006.11.23"]
[SourceVersion "1"]
[SourceVersionDate "2006.11.23"]
[SourceQuality "1"]

1. e4 d6 2. Nf3 Nf6 3. Nc3 a6 4. d4 Nbd7 5. Bg5 b5 6. a3 Bb7 7. Bxf6 Nxf6 8. d5 c6 9. g3 g6 10. Bg2 Bg7 11. Qd3 cxd5 12. exd5 Qc7 13. Nd2 Rc8 14. 0-0 0-0 15. Bh3 Nd7 16. Nde4 Rcd8 17. Rab1 Bc8 18. Bg2 Ne5 19. Qe2 Bf5 20. Rfd1 Rc8 21. Rd2 Rfe8 22. Na2 Qc4 23. Qxc4 Nxc4 24. Re2 Nxb2 25. Nb4 Na4 26. Rb3 Ra8 27. Nc6 Bd7 28. Rbe3 Kf8 29. Ng5 Bxc6 30. dxc6 Bh6 31. h4 Bxg5 32. hxg5 Ra7 33. Bh3 e6 34. Bg2 Rc7 35. Rd2 Rd8 36. Rf3 d5 37. Bh3 Rxc6 38. Re2 Kg7 39. Bf1 Rdc8 40. Rd3 Rxc2 41. Rxc2 Rxc2 42. Rd4 Rc3 43. Rd3 Rxd3 44. Bxd3 Kf8 45. Kf1 Ke7 46. Ke2 f6 47. f4 Nc5 48. gxf6+ Kxf6 49. Bc2 e5 50. Bb1 exf4 51. gxf4 Ne4 52. Ke3 Kf5 53. Bd3 h5 54. Bf1 g5 55. fxg5 Kxg5 56. Kd4 Nf6 57. Bh3 Kf4 58. Bf1 h4 59. Bh3 Kg3 60. Bf1 h3 61. Bxh3 Kxh3 62. Ke5 a5 63. Kd4 Kg3 64. Kc5 b4 65. axb4 axb4 66. Kxb4 Kf3 67. Kc3 Ke3 68. Kc2 d4 69. Kd1 d3 70. Ke1 Nd5 71. Kd1 Nc3+ 72. Ke1 d2+ 0-1